[Event "Barcelona Torxa op 4th"]
[Site "Barcelona"]
[Date "2011.09.06"]
[Round "4.9"]
[White "Diaz Garcia, Albert"]
[Black "Albert Estebanez, Alex"]
[Result "0-1"]
[WhiteElo "1768"]
[BlackElo "1840"]
[PlyCount "70"]
[EventDate "2011.09.01"]
[EventType "swiss"]
[EventRounds "7"]
[EventCountry "ESP"]
[SourceTitle "EXT 2024"]
[Source "ChessBase"]
[SourceDate "2023.10.10"]
[SourceVersion "1"]
[SourceVersionDate "2023.10.10"]
[SourceQuality "1"]

1. d4 Nf6 2. c4 c5 3. Nf3 e6 4. Nc3 d5 5. Bf4 Nc6 6. Nb5 Qa5+ 7. Qd2 Qxd2+ 8. Nxd2 Kd7 9. cxd5 Nxd5 10. Bg3 a6 11. e4 Ndb4 12. Na3 Nxd4 13. Kd1 b5 14. Be5 Bb7 15. f3 Rc8 16. f4 f6 17. Bxd4 cxd4 18. g3 Be7 19. Bg2 Nd3 20. Ke2 Nxb2 21. Nb3 d3+ 22. Kd2 Bxa3 23. Rhe1 Rc2+ 24. Ke3 Rxg2 25. h4 Re2+ 26. Kf3 Bxe4+ 27. Kg4 f5+ 28. Kg5 Be7+ 29. Kh5 h6 30. Kg6 Bf6 31. Nc5+ Ke7 32. Nxe4 fxe4 33. Rg1 Nc4 34. Rad1 h5 35. f5 Ne5# 0-1